|
|
|
|
| LEADER |
00000nam0a2200000 4500 |
| 001 |
256973 |
| 005 |
20231101233148.0 |
| 020 |
|
|
|a RU
|b 87-84570
|
| 035 |
|
|
|a (RuTPU)RU\TPU\book\279730
|
| 090 |
|
|
|a 256973
|
| 100 |
|
|
|a 20140412d1987 k a0rusy5003 ca
|
| 101 |
0 |
|
|a rus
|
| 102 |
|
|
|a RU
|
| 105 |
|
|
|a a z 001zy
|
| 200 |
1 |
|
|a Методы и устройства обработки сигналов в радиотехнических системах
|e межвузовский сборник
|f Горьковский политехнический институт имени А. А. Жданова (ГПИ) ; под ред. Ю. С. Лезина
|
| 210 |
|
|
|a Горький
|c Изд-во ГПИ
|d 1987
|
| 215 |
|
|
|a 101 с.
|c ил.
|
| 320 |
|
|
|a Библиогр. в конце ст.
|
| 606 |
1 |
|
|a Электрические сигналы
|x Обработка
|2 stltpush
|3 (RuTPU)RU\TPU\subj\27550
|9 51286
|
| 610 |
1 |
|
|a радиотехнические системы
|
| 610 |
1 |
|
|a радиосигналы
|
| 610 |
1 |
|
|a методы
|
| 610 |
1 |
|
|a устройства
|
| 610 |
1 |
|
|a фильтрация
|
| 610 |
1 |
|
|a радиолокация
|
| 675 |
|
|
|a 621.372
|z rus
|
| 702 |
|
1 |
|a Лезин
|b Ю. С.
|4 340
|
| 712 |
0 |
2 |
|a Горьковский политехнический институт имени А. А. Жданова (ГПИ)
|c (1950-1990)
|2 stltpush
|3 (RuTPU)RU\TPU\col\2321
|
| 801 |
|
0 |
|a RU
|b RuMRKP
|c 19950417
|g psbo
|
| 801 |
|
1 |
|a RU
|b 63413507
|c 20140412
|
| 801 |
|
2 |
|a RU
|b 63413507
|c 20141128
|g RCR
|
| 942 |
|
|
|c BK
|